000
00310nam a22001337a 4500
999
_c
12262
_d
12262
020
_a
978-0393929720
082
_a
519.5
100
_a
David Freedman,Robert Pisani and Roger Purves
245
_a
Statistics
250
_a
4th
260
_a
India
_b
VIVA Books
_c
2015
300
_a
576 pages
_b
Index
942
_c
BK